Statistics for Title in the Lyrics -- Songs That Start With S

Click here to take the quiz!

General Stats

  • This quiz has been taken 526 times
  • The average score is 6 of 15

Answer Stats

Lyrics Title % Correct
I can't get no ____________ / I can't get no ____________ / 'Cause I try and I try and I try and I trySatisfaction
85%
_________ were meant to fly / Hands up and touch the skyStarships
70%
No you didn't have to stoop so low / Have your friends collect your records and then change your number / I guess that I don't need that though / Now you're just ________ ____ _ ____ __ ____Somebody That I Used to Know
68%
But _____ ___ ____ ____ / I can breathe for the first time / I'm so moving on / Yeah, yeahSince U Been Gone
55%
All the ______ ______ (All the ______ ______) / All the ______ ______ / Now put your hands upSingle Ladies
49%
There's a lady who's sure all that glitters is gold / And she's buying a _______ __ ______Stairway to Heaven
45%
Ba de ya - say do you remember / Ba de ya - dancing in _________ / Ba de ya - never was a cloudy daySeptember
40%
I always feel like _________ ________ __ / And I have no privacySomebody's Watching Me
33%
_______ ____ ___ ______ now we're here / _______ ____ ___ ______ now my whole team hereStarted From the Bottom
31%
When you believe in things that you don't understand / Then you suffer / ____________ ain't the waySuperstition
29%
Whether you're a brother or whether you're a mother / You're _____ _____, _______ _____Stayin' Alive
25%
And as long as I got my ____ ___ ___ / I'ma leave it all on the floor tonight / And you got fixed up to the nines / Let me show you a few thingsSuit and Tie
21%
______ ______ / Makes me feel fine / Blowing through the jasmine in my mindSummer Breeze
21%
That girl is pretty wild now / (The girl's a _____ _____) / The kind of girl you read about / (In new-wave magazines)Super Freak
18%
We're ____ _______ ______ ______ ____ ____ / We hope you will enjoy the show / We're ____ ________ ______ ______ ____ ____ / Sit back and let the evening goSgt. Pepper's Lonely Hearts Club Band
16%

Score Distribution

Percentile by Number Answered

Percent of People with Each Score

Your Score History

You have not taken this quiz